| 000 -LEADER |
| fixed length control field |
00568 a2200181 4500 |
| 008 - FIXED-LENGTH DATA ELEMENTS--GENERAL INFORMATION |
| fixed length control field |
230628b ||||| |||| 00| 0 eng d |
| 020 ## - INTERNATIONAL STANDARD BOOK NUMBER |
| International Standard Book Number |
9789350239209 |
| Terms of availability |
Rs2050.00 |
| 041 0# - LANGUAGE CODE |
| Language code of text/sound track or separate title |
eng |
| 082 00 - DEWEY DECIMAL CLASSIFICATION NUMBER |
| Classification number |
005.133 |
| Item number |
A2371 |
| 100 ## - MAIN ENTRY--PERSONAL NAME |
| Personal name |
Adler, Joseph |
| 245 ## - TITLE STATEMENT |
| Title |
R in a Nutshell : A Desktop Quick Reference / |
| 250 ## - EDITION STATEMENT |
| Edition statement |
2nd ed. |
| 260 ## - PUBLICATION, DISTRIBUTION, ETC. (IMPRINT) |
| Place of publication, distribution, etc |
Sebastopol : |
| Name of publisher, distributor, etc |
O'Reilly media, in., |
| Date of publication, distribution, etc |
2022. |
|
| Place of publication, distribution, etc |
Mumbai : |
| Name of publisher, distributor, etc |
Shroff Publishers & Distributors pvt. ltd., |
| Date of publication, distribution, etc |
2022. |
| 300 ## - PHYSICAL DESCRIPTION |
| Extent |
xix, 699 p. |
| 650 #0 - SUBJECT ADDED ENTRY--TOPICAL TERM |
| Topical term or geographic name as entry element |
R (Computer programming language) |
| 942 ## - ADDED ENTRY ELEMENTS (KOHA) |
| Source of classification or shelving scheme |
|
| Item type |
Books |